[Event "Candidates sf1"]
[Site "Linares"]
[Date "1992.??.??"]
[Round "10"]
[White "Short, Nigel D"]
[Black "Karpov, Anatoly"]
[Result "1-0"]
[WhiteElo "2685"]
[BlackElo "2725"]
[Annotator "Boensch,U"]
[PlyCount "81"]
[EventDate "1992.04.??"]
[EventType "match"]
[EventRounds "10"]
[EventCountry "ESP"]
[SourceTitle "Candidates"]
[Source "ChessBase"]
[SourceDate "1999.07.01"]
[SourceVersion "2"]
[SourceVersionDate "1999.07.01"]
[SourceQuality "1"]

1. e4 {Chandler,M} c5 2. Nf3 Nc6 3. d4 cxd4 4. Nxd4 Nf6 5. Nc3 d6 6. Bg5 e6 7.
Qd2 Be7 8. O-O-O O-O 9. Nb3 a6 (9... Qb6 10. f3 Rd8 11. Be3 Qc7 12. Qf2 d5 13.
exd5 Nxd5 14. Nxd5 Rxd5 15. Rxd5 exd5 16. g4 Be6 17. Kb1 {N} Bf6 18. Bd3 Nb4
19. Bd4 (19. Rd1 $16 {(Rogers)}) 19... Nxd3 20. cxd3 Bxd4 21. Nxd4 Qf4 $14 {
Rogers,I-Kotronias,V Crete 1991}) 10. Bxf6 gxf6 11. h4 (11. Qh6 Kh8 12. Qh5 Qe8
13. f4 Rg8 14. Bd3 Rg7 15. g4 b5 16. h4 b4 17. Ne2 e5 18. f5 a5 19. Kb1 a4 20.
Nd2 Bb7 {N} 21. Rhf1 Nb8 22. g5 Nd7 23. Nf3 Nc5 24. Qh6 $13 {Borriss,M-Leko,P
Kecskemet 1991}) (11. f4 {Chandler,M} Kh8 12. f5 b5 13. Ne2 $5 {/\ Ne2-f4;
Short,N-Popovic,P/Subotica izt/1987/1-0/36/}) 11... Kh8 12. g4 b5 (12... Rg8
13. g5 b5 (13... fxg5 {Chandler,M} 14. hxg5 e5 15. f4 Rg7 16. Kb1 exf4 17. Qxf4
Ne5 18. Bh3 Bxg5 19. Qf2 Bxh3 20. Rxh3 Qd7 21. Rdh1 Ng4 22. Qe2 Bf6 23. Nd5 $44
{Campora,D-Zueger,B/Dubai ol/1986/1-0/61/}) 14. f4 Bb7 15. Kb1 b4 16. Ne2 a5
17. Bg2 a4 18. Nbd4 Na5 19. Qxb4 d5 20. Qxa4 Nc4 21. Qb3 $16 {Yudasin,L-Aseev,
K USSR 1987}) 13. g5 b4 (13... Rg8 14. Kb1 Bb7 15. f4 Nb8 16. Bd3 Nd7 $14 {
Ivanovic,B-Popovic,P Jugoslawien ch 1986}) 14. Na4 $1 (14. Ne2 a5 15. f4 (15.
Ned4 {Chandler,M} Nxd4 16. Nxd4 Bd7 17. f4 Rg8 18. Kb1 Rg7 {Van der Wiel,
J-Piket,J/Lyon zt/1990/1/2-1/2/41/}) 15... a4 $132) 14... Rg8 15. f4 Rb8 16.
Kb1 Bf8 17. Be2 e5 (17... Bd7 {Chandler,M} 18. Nac5 $1) (17... Na5 $5 {
Chandler,M /\ ...Qe8, ...Bd7}) 18. f5 fxg5 19. hxg5 Rxg5 (19... Qxg5 20. Qd5 $6
(20. Qd3 $16) 20... Nd8 21. Rh5 Qe3 (21... Qf6 {Chandler,M} 22. Rdh1 h6 23. Qd2
Kh7 24. Qe3 $44 {/\ Na4-b6-d5}) 22. Rdh1 Rg1+) 20. Qe3 Qf6 (20... Bd7 21. Nac5
dxc5 22. Rxd7 Qxd7 23. Qxg5 Qd6 24. Bc4 $18) (20... h6 $5 {Karpov} 21. Nac5 a5
22. Rxd6 $5 {!/ !?} Bxd6 23. Rxh6+ Kg7 24. Rxd6 Qxd6 25. Qxg5+ Kf8 26. f6 $44
Rb6 27. Bc4 Nd8 28. Qg7+ Ke8 29. Qh8+ Qf8 30. Qh5) 21. Nb6 Ne7 22. Nxc8 (22.
Bxa6 {Chandler,M} Bxa6 (22... Qg7 23. Bxc8 Nxc8 24. Nd7 $16) 23. Nd7 $16) 22...
Rxc8 23. Bxa6 Rd8 (23... Rb8 24. Qa7) 24. Qb6 Ng8 25. Na5 (25. Bc4 $6 d5 $1 26.
Qa5 (26. Qxf6+ {Chandler,M} Nxf6 27. exd5 Rxf5 $13 {Gives Black three passed
pawns.}) 26... dxc4 27. Rxd8 (27. Qxd8 Be7 $19) 27... cxb3 28. Rxf8 bxc2+ 29.
Kc1 (29. Kxc2 Qc6+ $40) 29... Rg2 $40) (25. Bb7 $5 d5 26. Qa5 d4 $14 (26... d4
{Chandler,M} 27. Bd5)) 25... d5 $1 26. Nc6 Rd6 27. exd5 Ne7 (27... Qxf5 $5 28.
Bd3 (28. Qb8 Kg7 29. Rhf1 Qg6 30. Bd3 e4 31. Bc4 $14) 28... e4 29. Qd4+ Nf6 $1
30. Bc4 $13) 28. Qxb4 (28. Bc4 $13 {Chandler,M}) 28... Nxd5 (28... Nxc6 29. Qh4
h6 30. dxc6 Rxc6 31. Bb7 $16) 29. Rxd5 Qg7 (29... Rxd5 30. Qxf8+ Rg8 31. Qb4 $1
(31. Qe7 $2 Qh6 $1 (31... Qxc6 {Chandler,M} 32. Qxf7 (32. Qh4 h6 33. Bb7 {
! Hartston: winning.} Rd4 $1 34. Qxd4 $2 (34. Bxc6 Rxh4 35. Rxh4 Rg1#) 34...
Qxh1+ $19) 32... Rg7 (32... h6 33. f6) 33. Qf8+ Rg8 34. Qf7 $10 Rg7 35. Qe6 Rd6
36. Qc8+ Qxc8 37. Bxc8 Rg2 38. a4 Rdd2 $13) 32. Re1 (32. Rc1 Qxc1+ $19) (32. a3
Qxh1+ 33. Ka2 $13 {+/= /}) 32... Qxc6 33. Qxf7 $13) 31... Qh6 32. Qe4 (32. Rc1
Qxc1+ $19) 32... Qxc6 33. Qh4 h6 34. Bb7 Qb6 35. Qxh6+ Qxh6 36. Rxh6+ Kg7 37.
Bxd5 Kxh6 38. a4 $18) 30. Rxd6 Rg1+ 31. Rd1 Rxd1+ 32. Rxd1 Bxb4 33. Nxb4 $18
Qg4 34. Rd8+ Kg7 35. a3 Qxf5 36. Rd1 h5 37. Re1 Qe6 38. Bb7 f5 39. Bd5 Qf6 40.
c4 e4 41. c5 1-0

[Event "Aruba"]
[Site "Aruba"]
[Date "1992.??.??"]
[Round "7"]
[White "Polgar, Judit"]
[Black "Sax, Gyula"]
[Result "1-0"]
[WhiteElo "2550"]
[BlackElo "2600"]
[Annotator "Boensch,U"]
[PlyCount "125"]
[EventDate "1992.03.??"]
[EventType "tourn"]
[EventRounds "9"]
[EventCountry "NAU"]
[EventCategory "11"]
[SourceTitle "CBM 030"]
[Source "ChessBase"]
[SourceDate "1992.10.01"]
[SourceVersion "1"]
[SourceVersionDate "1992.10.01"]
[SourceQuality "1"]

1. e4 {Anand} c5 2. Nf3 d6 3. d4 cxd4 4. Nxd4 Nf6 5. Nc3 Nc6 6. Bg5 e6 7. Qd2
Be7 8. O-O-O O-O (8... Nxd4 9. Qxd4 O-O 10. f4 Qa5 11. Bc4 Bd7 12. Rhe1 Bc6 13.
Bb3 $6 $146 {Polgar,J-Sax,G Ungarn ch 1991 1-0 51 -Inf.53/191 (Polgar,J)} (13.
f5 $5)) 9. Nb3 a6 10. f4 (10. Bxf6 gxf6 11. h4 Kh8 12. g4 b5 13. g5 b4 14. Na4
$1 Rb8 15. f4 Rg8 16. Kb1 Bf8 17. Be2 e5 18. f5 fxg5 19. hxg5 Rxg5 20. Qe3 Qf6
21. Nb6 $16 {Short,N-Karpov,An Linares csf1 (10) 1992 1-0 41 -CBM 29}) 10... b5
11. Bxf6 gxf6 12. f5 Kh8 13. Ne2 $1 (13. g3 Bd7 14. Ne2 Ne5 15. Nf4 Nc4 16. Qe2
Rc8 17. fxe6 fxe6 18. Bh3 f5 19. exf5 exf5 20. Kb1 Bf6 21. Nd4 $14 {Garcia,
G-Magar,T Philadelphia World op (3) 1991 0-1 47}) 13... Bd7 (13... e5 {Anand}
14. Nc3) (13... exf5 {Anand} 14. exf5 Bxf5 15. Ned4 Nxd4 16. Nxd4 Bg6 17. Bd3
$16) 14. Nf4 Rc8 (14... Rg8 {Anand} 15. g3 $16) 15. fxe6 Bxe6 (15... fxe6 $4
16. Ng6+ $1 hxg6 17. Qh6+ Kg8 18. Qxg6+ Kh8 19. Rd3 e5 20. Rg3 $18) 16. Kb1 Ne5
17. Nd4 Qd7 18. Bd3 Rg8 19. Rhf1 Rc5 20. h3 $1 $16 Nc4 21. Qf2 Ne5 22. g4 b4
23. Qe2 a5 24. Nd5 $1 Bxd5 25. exd5 Nxd3 (25... Rxd5 $2 26. Qe4 $18) 26. Qxd3
Rxd5 27. Qc4 Re5 (27... Qb7 28. Nf5 $16) 28. Qxf7 Rf8 29. Qc4 d5 30. Qc6 (30.
Qd3 {Anand} Bc5 31. Nf5 $16) 30... Qc8 31. Qb5 Qc5 32. Qxc5 (32. Qb7 {Anand})
32... Bxc5 33. Nc6 Re2 34. Rxd5 (34. Nxa5 $1 $18 {Anand}) 34... Bb6 35. Rb5 Bc7
36. Nd4 Re4 37. Rd5 Rfe8 38. Nb5 Re1+ 39. Rd1 Rxd1+ 40. Rxd1 Bh2 41. a4 $18
bxa3 (41... Re3 {Anand} 42. Rd3 $16) 42. Nxa3 Re3 43. Nc4 Rxh3 44. Nxa5 Rg3 45.
Rd4 Rg1+ 46. Ka2 Kg7 47. Nc4 Kg6 48. b4 Kg5 49. Nd2 Be5 50. Nf3+ Kg6 51. Nxe5+
(51. Nxg1 $2 Bxd4 52. Nf3 Bf2 (52... Ba7 {Anand} 53. c4 h5) 53. c4 f5 $10)
51... fxe5 52. Rc4 Rd1 53. b5 Rd8 54. b6 Rb8 55. Rb4 Kf6 (55... e4 56. c4 e3
57. c5 e2 58. Re4 $18) 56. Kb3 e4 57. Kc3 Ke5 58. Kd2 Kf4 (58... Kd5 59. Ke3
Kc5 60. c3 $18) 59. Ke2 Ke5 60. Ke3 Kd5 61. b7 Kc5 62. c3 Kd5 63. g5 (63. g5
Ke5 64. Rb5+ $18) 1-0

[Event "Hoogovens"]
[Site "Wijk aan Zee"]
[Date "1992.01.??"]
[Round "11"]
[White "Van der Wiel, John"]
[Black "Salov, Valery"]
[Result "1/2-1/2"]
[WhiteElo "2540"]
[BlackElo "2655"]
[Annotator "Boensch,U"]
[PlyCount "55"]
[EventDate "1992.01.??"]
[EventType "tourn"]
[EventRounds "13"]
[EventCountry "NED"]
[EventCategory "14"]
[SourceTitle "CBM 028"]
[Source "ChessBase"]
[SourceDate "1992.06.01"]
[SourceVersion "1"]
[SourceVersionDate "1992.06.01"]
[SourceQuality "1"]

1. e4 c5 2. Nf3 Nc6 3. d4 cxd4 4. Nxd4 Nf6 5. Nc3 d6 6. Bg5 e6 7. Qd2 Be7 8.
O-O-O O-O 9. Nb3 Qb6 10. f3 Rd8 11. Be3 Qc7 12. Qf2 d5 13. exd5 Nxd5 14. Nxd5
Rxd5 15. Rxd5 exd5 16. Bb5 (16. g4 Be6 17. Kb1 Bf6 18. Bd3 Nb4 $14 {Rogers,
I-Kotronias,V Crete 1991}) 16... Ne5 17. Bxa7 $5 {N} (17. Rd1 Nc4 18. Bc5 (18.
Rxd5 Nxe3 19. Qxe3 Be6 20. Rd1 Qxh2 21. Nd4 Bc5 {1/2 Brynell,S-Winsness,R
SVE-ch 1991}) 18... Bg5+ 19. Kb1 Be6 20. h4 Bf4 21. Bd4 Bg3 22. Qe2 Bxh4 $15 {
Fedorowicz,J-Wolff,P USA-ch 1991}) 17... Nc4 18. Bc5 (18. Bd4 Rxa2 19. Qg3 $14)
18... Rxa2 19. Bxe7 Qf4+ (19... Qxe7 20. Re1 Be6 21. Bxc4 dxc4 22. Qc5 Ra1+ 23.
Kd2 Qd7+ 24. Nd4 $8 Ra8 $13 (24... Ra6 $5)) 20. Kd1 (20. Kb1 $2 Rxb2+ 21. Ka1
Qe5 22. Qd4 (22. Re1 Ra2+ 23. Kxa2 Qb2#) 22... Qxe7 $18) 20... Rxb2 21. Re1 (
21. Bxc4 $2 Rb1+ 22. Ke2 Qxc4+ 23. Kd2 Rxh1 $19) 21... Rb1+ 22. Ke2 Qe5+ 23.
Kf1 Ne3+ 24. Kg1 Ng4 (24... Rxe1+ 25. Qxe1 Qxe7 $17) 25. Rxb1 Qxh2+ 26. Kf1
Nxf2 27. Kxf2 Qc7 28. Bc5 {Boensch} (28. Bc5 b6 29. Re1 Be6 30. Ra1 Bc8 (30...
bxc5 $2 31. Ra8+ Bc8 32. Ba6 $18) 31. Re1 $10) 1/2-1/2

[Event "Linares 10th"]
[Site "Linares"]
[Date "1992.??.??"]
[Round "1"]
[White "Ivanchuk, Vassily"]
[Black "Salov, Valery"]
[Result "0-1"]
[WhiteElo "2720"]
[BlackElo "2655"]
[Annotator "Boensch,U"]
[PlyCount "102"]
[EventDate "1992.02.??"]
[EventType "tourn"]
[EventRounds "13"]
[EventCountry "ESP"]
[EventCategory "17"]
[SourceTitle "CBM 028"]
[Source "ChessBase"]
[SourceDate "1992.06.01"]
[SourceVersion "1"]
[SourceVersionDate "1992.06.01"]
[SourceQuality "1"]

1. e4 c5 2. Nf3 Nc6 3. d4 cxd4 4. Nxd4 Nf6 5. Nc3 d6 6. Bg5 e6 7. Qd2 Nxd4 8.
Qxd4 Bd7 9. Nb5 Qb8 $5 (9... Bxb5 $6 10. Bxb5+ Ke7 $16) 10. O-O-O (10. Bxf6 $6
gxf6 11. Qxf6 Rg8 $36) 10... a6 11. Nxd6+ Bxd6 12. Bxf6 (12. Qxd6 $2 Qxd6 13.
Rxd6 Nxe4 $19) 12... Bf4+ 13. Kb1 gxf6 14. Qxd7+ Kf8 15. g3 Bc7 {/\ ...b5, ...
Ra8-a7, Bc7-b6} 16. Bh3 b5 17. Qc6 Ra7 18. Bxe6 $1 {Weiss hat drei Bauern für
die Figur und eine Angriffstellung.} fxe6 19. Qxe6 Bd8 20. Rd6 Be7 21. Rhd1 Rg8
22. Rxa6 {Der vierte Bauer} Rxa6 23. Qxa6 Kf7 24. a4 bxa4 25. Qc4+ Kf8 26. Qxa4
Rg5 27. Rd5 $2 (27. f4 $1) 27... Rxd5 28. exd5 Qe5 29. Qa8+ Kf7 30. Qb7 Qd4 31.
Qb3 Kf8 32. Qb8+ Kf7 33. Qb7 $6 {Ivanchuk spielt zu unrecht weiterhin auf
Gewinn.} (33. Qb3 $1 $10) 33... Qxf2 34. c3 (34. d6 $2 Qe1+ 35. Ka2 Qe6+ {
/\ 36...Qxd6}) 34... Qd2 35. Ka2 h5 36. h3 Qd3 37. Kb3 Qxg3 38. Qd7 Qe5 39. c4
Qe3+ 40. Ka2 Qc5 41. Qe6+ Kg7 42. Kb3 Kf8 43. Qf5 h4 44. Qh5 Qb4+ 45. Ka2 Qxc4+
46. Ka1 Qf1+ 47. Ka2 Qxh3 48. Qh8+ Kf7 49. Qh7+ Ke8 50. Qh8+ Kd7 51. Qa8 Bd6
0-1

[Event "Interzonal-15"]
[Site "Manila"]
[Date "1990.??.??"]
[Round "6"]
[White "Hjartarson, Johann"]
[Black "Tal, Mihail"]
[Result "0-1"]
[WhiteElo "2520"]
[BlackElo "2580"]
[Annotator "Boensch,U"]
[PlyCount "70"]
[EventDate "1990.06.29"]
[EventType "swiss"]
[EventRounds "13"]
[EventCountry "PHI"]
[SourceTitle "CBM 019"]
[Source "ChessBase"]
[SourceDate "1990.12.01"]
[SourceVersion "1"]
[SourceVersionDate "1990.12.01"]
[SourceQuality "1"]

1. e4 c5 2. Nf3 d6 3. d4 cxd4 4. Nxd4 Nf6 5. Nc3 Nc6 6. Bg5 e6 7. Qd2 Be7 8.
O-O-O O-O 9. Be2 $6 (9. Nb3 a6 10. Bxf6 $5) 9... a6 (9... Nxe4 10. Bxe7 Nxd2
11. Bxd8 Nxd4 12. Be7 Nxe2+ 13. Nxe2 Re8 14. Bxd6 $10) (9... Nxd4 10. Qxd4 Nxe4
$5 (10... Qa5 11. Bd2 Qc7 12. g4 $5 $13) 11. Bxe7 Nxc3 12. bxc3 (12. Qh4 $6
Nxe2+ 13. Kb1 Qb6 14. Rxd6 Nc3+ 15. Ka1 Qa5 $17) 12... Qxe7 13. Qxd6 Qf6 $15)
10. h4 (10. Bxf6 $6 Bxf6 11. Nxc6 bxc6 12. Qxd6 Qb6 $36) 10... Bd7 (10... Nxd4
$5 11. Qxd4 b5) 11. h5 Nxd4 (11... b5 12. h6 g6 13. a3) 12. Qxd4 h6 (12... Nxe4
$2 13. Bxe7 Nxc3 14. Qxd6 Nxe2+ 15. Kb1 $16) (12... Bc6 $2 13. h6 e5 (13... g6
$2 14. e5 $18) 14. Qd3 $16) 13. Be3 (13. Bxf6 Bxf6 14. Qxd6 Bc6 $44) 13... Bc6
14. f4 $6 (14. f3) 14... b5 15. Bf3 Qa5 $1 {/\ b4} 16. a3 (16. e5 $6 Bxf3 17.
gxf3 dxe5 18. fxe5 b4 $17) 16... Rab8 $15 17. Bd2 Qc7 18. g4 Nd7 $1 (18... d5
19. exd5 Nxd5 20. Nxd5 Bxd5 21. Bxd5 Rfd8 $10) 19. g5 hxg5 20. h6 (20. fxg5 Ne5
21. h6 g6 22. Be2 a5 $17) 20... Bf6 21. Qf2 g6 22. e5 (22. fxg5 $5 Be5 23. Ne2)
22... dxe5 23. fxg5 Be7 24. Ne4 $6 (24. Qg2 Rbc8 25. Bxc6 Qxc6 26. Qxc6 Rxc6
27. Ne4 $17) 24... Bxe4 25. Bxe4 Qc4 $1 $19 26. h7+ Kh8 27. Qg2 Nc5 (27... Qa2
28. Bc3) 28. Bb4 $2 (28. Rhe1 $142 Nb3+ 29. Kb1 Nxd2+ 30. Qxd2 b4 31. a4 b3 $19
) 28... Qa2 $4 (28... Qxe4 $142 29. Qxe4 Bxg5+ $19) 29. c3 Rbc8 $1 (29... a5 $2
30. Bxc5 Bxc5 31. Qg3 $16) 30. Bxc5 (30. Qg3 Nb3+ (30... Nxe4 $2 31. Bxe7) 31.
Kc2 Bxb4 32. axb4 (32. Qxe5+ f6 $19) 32... Nd4+ 33. Rxd4 exd4 34. Qe5+ f6 35.
gxf6 Rxc3+ $19) 30... Bxc5 (30... Rxc5 31. Rd7 $13) 31. Qg3 (31. Bb1 Be3+ 32.
Kc2 Rxc3+) 31... Bxa3 32. bxa3 Qxa3+ 33. Kd2 (33. Kb1 Qb3+ 34. Ka1 Qa4+) 33...
Rfd8+ 34. Ke1 Rxd1+ 35. Kxd1 Qa4+ (35... Qa4+ 36. Bc2 Qa1+) 0-1

[Event "USA-ch"]
[Site "Long Beach"]
[Date "1993.??.??"]
[Round "3"]
[White "Fedorowicz, John P"]
[Black "Gurevich, Dmitry"]
[Result "1-0"]
[WhiteElo "2545"]
[BlackElo "2575"]
[Annotator "Bulletin"]
[PlyCount "73"]
[EventDate "1993.12.??"]
[EventType "tourn"]
[EventRounds "11"]
[EventCountry "USA"]
[EventCategory "14"]
[SourceTitle "CBM 039"]
[Source "ChessBase"]
[SourceDate "1994.04.01"]
[SourceVersion "1"]
[SourceVersionDate "1994.04.01"]
[SourceQuality "1"]

1. e4 c5 2. Nf3 d6 3. d4 cxd4 4. Nxd4 Nc6 5. Nc3 Nf6 6. Bg5 e6 7. Qd2 Be7 8.
O-O-O O-O 9. Nb3 Qb6 10. f3 Rd8 11. Nb5 Rd7 12. Be3 Qd8 13. N5d4 Qf8 $6 {
A bit passive. The queenside attack never materializes.} (13... e5 $5 14. Nxc6
(14. Nf5 d5 15. Nxe7+ Qxe7 16. Bc5 Qd8 {and Black is no worse.}) 14... bxc6 15.
Qc3 d5 16. Qxe5 dxe4 17. Be2 $14) 14. Qc3 Nxd4 15. Nxd4 a6 16. g4 Rd8 17. g5
Nh5 18. Ne2 $1 e5 19. Qd2 Be6 20. Nc3 $1 {Although it might have been tempting
to swing the knight to the kingside, it was not clear that there are any real
threats there.} (20. Ng3 g6 21. Nxh5 gxh5 $13) 20... Rdc8 (20... f6 {might
have been best, though it amounts to an admission that the position is already
not so hot.}) 21. Nd5 Bxd5 22. Qxd5 Nf4 23. Bxf4 exf4 24. h4 {Fed claimed he
didn't really know what was going on in this game, being a bit disoriented
because he usually plays the Black side of this opening.} Rc5 25. Qxb7 {
This snack is perfectly healthy! Still it leads to some complications which
could have been avoided by the simple 25.Qd2 with advantage to White.} Rb8 26.
Qd7 d5 {Played to activate the bishop, but Fed just keeps on munching.} 27.
exd5 Bd6 28. Re1 g6 (28... Rcc8 29. Bxa6 Rd8 30. Qc6 Ba3 $5 31. Bb5 Qb4 32.
bxa3 Qxa3+ 33. Kb1 Qb4+ 34. Ka1 Rdc8 35. Re4 $1 Qxb5 36. Qxb5 Rxb5 37. c4 $18)
(28... Ra5 29. Bc4 {illustrates White's single but sufficient defensive
resource.}) (28... Rc7 29. Qa4 Rcb7 30. b3 {and White will consolidate with
Re4.}) 29. Rh2 Rcc8 30. Bxa6 {An insatiable appetite is finally appeased.} Rc7
31. Qa4 Bc5 32. Bb5 Be3+ 33. Kb1 Qc5 34. c4 Qd4 35. Rd1 Qe5 36. d6 Ra7 37. Qb3
1-0

[Event "EU-chT (Men) 10th"]
[Site "Debrecen"]
[Date "1992.11.??"]
[Round "8.3"]
[White "Adams, Michael"]
[Black "Greenfeld, Alon"]
[Result "1/2-1/2"]
[WhiteElo "2620"]
[BlackElo "2520"]
[Annotator "Bulletin"]
[PlyCount "84"]
[EventDate "1992.11.20"]
[EventType "team-swiss"]
[EventRounds "9"]
[EventCountry "HUN"]
[SourceTitle "EU-chT"]
[Source "ChessBase"]
[SourceDate "1999.07.01"]
[SourceVersion "2"]
[SourceVersionDate "1999.07.01"]
[SourceQuality "1"]
[WhiteTeam "England"]
[BlackTeam "Israel"]
[WhiteTeamCountry "ENG"]
[BlackTeamCountry "ISR"]

1. e4 c5 2. Nf3 d6 3. d4 cxd4 4. Nxd4 Nf6 5. Nc3 Nc6 6. Bg5 e6 7. Qd2 Be7 8.
O-O-O O-O 9. Nb3 Qb6 10. f3 Rd8 11. Kb1 a6 12. Be3 Qc7 13. Qf2 Nd7 14. f4 b5
15. g4 Rb8 (15... Bb7) 16. g5 Nb6 17. h4 b4 18. Ne2 Nc4 19. Bc1 a5 20. Ned4
Nxd4 21. Nxd4 a4 22. Qf3 e5 23. Bxc4 Qxc4 24. b3 Qa6 25. fxe5 dxe5 26. Nf5 Bxf5
27. Qxf5 axb3 28. axb3 Rdc8 29. Bb2 Qe2 30. Rc1 Rc5 31. Rhf1 Qh5 32. Qd7 Bf8
$13 33. Rf2 Rbc8 34. Rcf1 Rxc2 35. Qxf7+ Qxf7 36. Rxf7 Re2 37. Bxe5 Rxe4 38.
Bg3 Re6 39. R7f3 g6 40. Re1 Ra6 41. Be5 Re6 42. Rfe3 Rce8 1/2-1/2

[Event "Groningen PCA"]
[Site "Groningen"]
[Date "1993.??.??"]
[Round "6"]
[White "Benjamin, Joel"]
[Black "Anand, Viswanathan"]
[Result "0-1"]
[WhiteElo "2620"]
[BlackElo "2725"]
[Annotator "Chekhov,V"]
[PlyCount "82"]
[EventDate "1993.12.??"]
[EventType "swiss"]
[EventRounds "11"]
[EventCountry "NED"]
[SourceTitle "CBM 039"]
[Source "ChessBase"]
[SourceDate "1994.04.01"]
[SourceVersion "1"]
[SourceVersionDate "1994.04.01"]
[SourceQuality "1"]

1. e4 {Boensch} c5 2. Nf3 d6 3. d4 cxd4 4. Nxd4 Nf6 5. Nc3 Nc6 6. Bg5 e6 7. Qd2
Be7 8. O-O-O O-O 9. Nb3 Qb6 (9... a6 10. Bxf6 gxf6 11. Qh6 Kh8 12. Qh5 Qe8 13.
f4 Rg8 14. Bd3 Rg7 15. g4 b5 16. h4 b4 17. Ne2 e5 18. f5 a5 19. Kb1 a4 20. Nd2
Bb7 21. Rhf1 Nb8 $1 22. g5 Nd7 23. Nf3 Nc5 $132 {Borriss,M-Leko,P/Kecskemet/
1991/1:0 (47) Inf 53/188/}) 10. f3 Rd8 11. Kb1 (11. Be3 Qc7 12. Qf2 d5 (12...
Nd7 $5 13. h4 a6 14. h5 (14. Bg5 $5) (14. Kb1 $5) 14... b5 15. g4 Nce5 $1 16.
Rg1 b4 17. Na4 Rb8 18. f4 Nc4 19. Ba7 Ra8 20. Bd4 {Adams,M-Conquest,S/London/
1990/1:0 (37) Inf 50/222/} e5 $1 $15) 13. exd5 Nxd5 14. Nxd5 Rxd5 15. Rxd5 exd5
16. g4 (16. g3 $2 Bf5 17. Bf4 Qd8 18. Bb5 Nb4 19. c3 Bd3 20. cxb4 Rc8+ $19 {
Petrushin,A-Brodskij,M Sochi 1993 0-1 27}) 16... Be6 17. Kb1 Bf6 $1 18. Bd3 (
18. g5 {Boensch} Be5 19. f4 d4 20. Bc1 Bd5 21. Rg1 Bd6 $10 {Illescas Cordoba,
M-Kramnik,V (1) Alcobendas m 1993 0-1 56 -CBM 39}) 18... Nb4 {Rogers,
I-Kotronias,V/Crete/1991/0,5 (47) Inf 53/189/} 19. Rd1 $1 $36) (11. Nb5 {
Boensch} Rd7 12. Be3 Qd8 13. N5d4 Qf8 $6 (13... e5 $1 14. Nf5 d5 15. Nxe7+ Qxe7
16. Bc5 Qe6 17. exd5 Rxd5 18. Bd3 b6 $10 {Petrushin,A-Shmuter,L Sochi 1993 1-0
37}) 14. Qc3 Nxd4 15. Nxd4 a6 16. g4 Rd8 17. g5 Nh5 18. Ne2 e5 19. Qd2 Be6 20.
Nc3 $14 {xd5 Fedorowicz,J-Gurevich,D USA-ch (03) 1993 1-0 37}) 11... Qc7 (11...
a6 12. Be3 Qc7 13. Qf2 Nd7 14. g4 b5 15. g5 Rb8 16. h4 Nb6 17. g6 $5 Na4 (17...
fxg6 18. h5 gxh5 19. Rxh5 Na4 $13) 18. gxf7+ Kxf7 19. Ne2 Bf6 20. Ned4 $14 {
Timman,J-Salov,V/Linares/1991/0,5 (71) Inf 51/194/}) 12. Bxf6 $5 $146 (12. Qf2
$2 Ng4 $15) (12. Nb5 Qb8 13. Bf4 e5 14. Bg5 Be6 $10) (12. Bf4 a6 13. g4 b5 (
13... Ne5 14. g5 Nfd7 15. Qg2 b5 16. h4 (16. Bc1 {Boensch} Bb7 17. f4 b4 18.
Ne2 Nc4 19. Ng3 d5 20. Qe2 Ndb6 21. exd5 $17 {Illescas Cordoba,M-Kramnik,V (3)
Alcobendas m 1993 -CBM 39}) 16... b4 17. Ne2 a5 18. h5 Nf8 19. Bc1 Bb7 20. f4
Ned7 21. Ng3 d5 $1 $132 {Nunn,J-Gschnitzer,O/BRD/1990/1:0 (36) Inf 50/221/})
14. g5 Nh5 15. Be3 Ne5 16. f4 Nc4 17. Bxc4 Qxc4 18. Bb6 b4 $1 19. Ne2 Re8 $13 {
Svidler,P-Fishbein,A/Oakham/1990/0,5 (49) Inf 50/220/}) (12. h4 {Boensch} d5
13. Bxf6 dxe4 14. Nb5 Rxd2 15. Rxd2 Qb6 16. Bxe7 Nxe7 17. c4 $16 {Cunningham,
R-Fishbein,A Philadelphia World op (1) 1992 1-0 27}) 12... Bxf6 13. g4 g6 $6 (
13... a6 $5 14. g5 {Boensch} Be7 15. h4 b5 16. h5 b4 17. Ne2 a5 $132) (13...
Ne5 $5 {Boensch}) 14. h4 a6 15. g5 Bg7 16. h5 b5 17. hxg6 hxg6 18. f4 (18. Bd3
Ne5 19. f4 Nc4 20. Bxc4 Qxc4) 18... b4 19. Na4 (19. Ne2 a5) 19... Rb8 20. Qh2 (
20. Bd3 $5 {/\Rh4,Qh2,Rh1->/}) 20... Kf8 21. Rd3 e5 $5 (21... Ne7 $5) 22. f5 $1
(22. Bh3 exf4 23. Qxf4 Ne5) 22... gxf5 23. Rh3 Ne7 (23... f4 24. Rh8+ (24. Rh7
$1 $18) 24... Ke7 (24... Bxh8 25. Qxh8+ Ke7 26. Qf6+ Kd7 27. Nac5+ $18) 25. Rh7
Rg8 $13) (23... fxe4 $2 {Boensch} 24. Rh7 Be6 25. Rxg7 $18) 24. Rh8+ $2 (24.
Rh7 $1 Ng8 (24... Ng6 $5 $13) (24... Ng6 $19 {Boensch}) 25. Rxg7 Kxg7 26. Qh7+
Kf8 27. exf5 $18 Bxf5 (27... Qc6 28. f6 Bf5 29. Qg7+ Ke8 30. Qxg8+ Kd7 31.
Qxf7+ Kc8 32. Rh2 $18) (27... Bb7 28. Rh4 $1 Rbc8 29. f6) 28. Qxf5 Qc6 29. Rh7)
24... Ng8 (24... Bxh8 $2 {Boensch} 25. Qxh8+ Ng8 26. Rh7 Be6 27. exf5 Rdc8 28.
Bd3 $18) 25. Rxg8+ Kxg8 26. Qh7+ Kf8 27. exf5 Bxf5 $1 {!! Boensch} 28. Qxf5 Qc6
29. g6 Rb7 30. Rh7 $6 (30. Qg5 $5 Rc8 $13) 30... Qxa4 31. Qg5 {? Boensch} (31.
Bc4 d5 $1 (31... Qd7 {Boensch} 32. Qf3 e4 33. Qh5 $13) 32. Bxd5 Qd7 33. Qxd7
Rbxd7 34. Bxf7 Rd1+ 35. Nc1 Rg1 $19) 31... Qe8 32. Bxa6 $2 (32. Bg2 $5 d5 (
32... e4 $2 33. Bxe4 $1) 33. Nc5 Re7) 32... Re7 33. Bd3 e4 $19 (33... d5 $2 34.
Rxg7 $1 Kxg7 35. gxf7+ Kxf7 36. Bg6+ $18) 34. Bb5 Re5 35. gxf7 Rxg5 36. fxe8=Q+
Rxe8 37. Bxe8 Rg1+ 38. Nc1 Kxe8 39. a4 $2 (39. c3 bxc3 40. bxc3 Bxc3 41. Kc2
Bf6 $17) 39... bxa3 40. bxa3 Bc3 {! Boensch} 41. Rh4 d5 0-1